LEADER 03228oas 2201165 a 450 001 9910140758403321 005 20260203110347.0 011 $a1460-6984 035 $a(DE-599)ZDB1485082-5 035 $a(OCoLC)39266544 035 $a(CONSER) 00238744 035 $a(CKB)954925256175 035 $a(DE-599)1485082-5 035 $a(EXLCZ)99954925256175 100 $a19980610a19989999 sy 101 0 $aeng 135 $aurmnu|||||||| 181 $ctxt$2rdacontent 182 $cc$2rdamedia 183 $acr$2rdacarrier 200 10$aInternational journal of language & communication disorders 210 $a[London] $cTaylor & Francis$d1998- 210 3 $a[London] $cInforma healthcare 300 $aRefereed/Peer-reviewed 300 $aTitle from contents screen (viewed Aug. 31, 2000). 311 08$aPrint version: International journal of language & communication discorders 1368-2822 (DLC) 98657724 (OCoLC)38452377 517 3 $aInternational journal of language and communication disorders 606 $aCommunicative disorders$vPeriodicals 606 $aSpeech therapy$vPeriodicals 606 $aSpeech disorders$vPeriodicals 606 $aLanguage disorders$vPeriodicals 606 $aCommunication Disorders 606 $aCommunicative disorders$2fast$3(OCoLC)fst00870370 606 $aLanguage disorders$2fast$3(OCoLC)fst00992363 606 $aSpeech disorders$2fast$3(OCoLC)fst01129193 606 $aSpeech therapy$2fast$3(OCoLC)fst01129277 606 $aTrastorns de la comunicació$2thub 606 $aTrastorns del llenguatge$2thub 608 $aPeriodical. 608 $aPeriodicals.$2fast 608 $aRevistes electròniques.$2thub 615 0$aCommunicative disorders 615 0$aSpeech therapy 615 0$aSpeech disorders 615 0$aLanguage disorders 615 02$aCommunication Disorders. 615 7$aCommunicative disorders. 615 7$aLanguage disorders. 615 7$aSpeech disorders. 615 7$aSpeech therapy. 615 7$aTrastorns de la comunicació. 615 7$aTrastorns del llenguatge. 676 $a362.196855 712 02$aRoyal College of Speech & Language Therapists 801 0$bF#A 801 1$bF#A 801 2$bOCL 801 2$bIUL 801 2$bOCLCQ 801 2$bOCLCS 801 2$bOCL 801 2$bBUF 801 2$bOCLCQ 801 2$bHEBIS 801 2$bUKMGB 801 2$bOCLCQ 801 2$bOCLCO 801 2$bOCLCQ 801 2$bOCLCF 801 2$bOCLCO 801 2$bOCLCQ 801 2$bOCLCO 801 2$bOCLCQ 801 2$bTSC 801 2$bZ5A 801 2$bOCLCO 801 2$bNLE 801 2$bOCLCA 801 2$bOCLCQ 801 2$bTOF 801 2$bAU@ 801 2$bOCLCO 801 2$bWYU 801 2$bU3W 801 2$bOCLCQ 801 2$bVT2 801 2$bOCLCO 801 2$bEUX 801 2$bOCLCA 801 2$bBWN 801 2$bOCLCQ 801 2$bUAB 801 2$bOCLCL 801 2$bSXB 801 2$bOCLCL 801 2$bOCLCQ 906 $aJOURNAL 912 $a9910140758403321 996 $aInternational journal of language & communication disorders$92182971 997 $aUNINA